[Event "It (open)"]
[Site "masterchessopen.com Pamplona (Spain)"]
[Date "2009.07.28"]
[Round "3"]
[White "Aleksandrov Aleksej (BLR)"]
[Black "Delorme Axel (FRA)"]
[Result "1-0"]
[WhiteElo "2616"]
[BlackElo "2434"]

1.d4 e6 2.c4 Nf6 3.Nc3 Bb4 4.e3 c5 5.Bd3 d5 6.cxd5 exd5 7.Ne2 Nc6 8.a3 cxd4
9.axb4 dxc3 10.b5 Ne5 11.Nxc3 Nxd3+ 12.Qxd3 O-O 13.O-O Ne4 14.Nxd5 Be6 15.Ne7+
Qxe7 16.Qxe4 b6 17.Bd2 Qg5 18.Rfd1 Qxb5 19.Bc3 Rfd8 20.Rd6 Re8 21.Qb7 Qg5
22.h4 Qg4 23.Rd4 Qg6 24.Rxa7 Rxa7 25.Qxa7 Bf5 26.Qe7 Qe6 27.Qg5 h6 28.Qf4 b5
29.Kh2 Bc2 30.Qg3 Bg6 31.h5 Bxh5 32.Re4 {#r} 1-0

[Event "It (open)"]
[Site "masterchessopen.com Ptuj (Slovenia)"]
[Date "2009.08.08"]
[Round "8"]
[White "Kovacevic Blazimir (CRO)"]
[Black "Gantar Jan (SLO)"]
[Result "1-0"]
[WhiteElo "2436"]
[BlackElo "2011"]

1.d4 Nf6 2.c4 e6 3.Nc3 Bb4 4.e3 c5 5.Bd3 Nc6 6.Nf3 d5 7.O-O dxc4 8.Bxc4 cxd4
9.exd4 O-O 10.Bg5 Bxc3 11.bxc3 b6 12.Qe2 Ne7 13.Ne5 Ned5 14.Qf3 Qc7 15.Rac1
Bb7 16.Bd3 Ne7 17.Qg3 Ne8 18.Bxh7+ Kxh7 19.Qh4+ Kg8 20.Bxe7 f6 21.Ng6 Kf7
22.Bxf8 Kxg6 23.Qg3+ Kf7 24.Qxc7+ Nxc7 25.Ba3 Nd5 26.g3 Rh8 27.c4 Nf4 28.gxf4
Bf3 29.Rc3 {#r} 1-0

[Event "Memorial Danilo Dajo Batricevic (open)"]
[Site "masterchessopen.com Cetinje (Montenegro)"]
[Date "2009.08.13"]
[Round "5"]
[White "Iotov Valentin (BUL)"]
[Black "Cebalo Miso (CRO)"]
[Result "0-1"]
[WhiteElo "2603"]
[BlackElo "2476"]

1.d4 e6 2.c4 Nf6 3.Nc3 Bb4 4.e3 c5 5.Bd3 Nc6 6.Nf3 Bxc3+ 7.bxc3 d6 8.O-O e5
9.Nd2 O-O 10.Re1 h6 11.d5 Ne7 12.e4 Nh7 13.Rb1 b6 14.Rb2 f5 15.exf5 Bxf5
16.Bxf5 Nxf5 17.Ne4 Nf6 18.Qd3 Nxe4 19.Rxe4 Qf6 20.g3 Rae8 21.Rbe2 Re7 22.h4
Qg6 23.Kh2 Ref7 24.Qc2 Rf6 25.Kh3 Qf7 26.Qd3 Ne7 27.Be3 Rf3 28.Kg2 Nf5 29.Qc2
Qg6 30.h5 Rxg3+ {#R} 0-1

[Event "Ch World (juniors) (under 18)"]
[Site "masterchessopen.com Kemer (Turkey)"]
[Date "2009.11.22"]
[Round "11"]
[White "Reimanis Ritvars (LAT)"]
[Black "Ollier Pablo (FRA)"]
[Result "0-1"]
[WhiteElo "2138"]
[BlackElo "2226"]

1.d4 Nf6 2.c4 e6 3.Nc3 Bb4 4.e3 c5 5.Bd3 Nc6 6.Ne2 d5 7.cxd5 exd5 8.dxc5 Bxc5
9.O-O O-O 10.Ng3 Ne5 11.Be2 Be6 12.b3 Rc8 13.Bb2 Nfg4 14.h3 Nf6 15.Nxd5 Nxd5
16.Bxe5 Qg5 17.Bd4 Nxe3 18.Bxe3 Bxe3 19.fxe3 Qxg3 20.Rf3 Qg5 21.Qd4 Rc2 22.Bf1
b6 23.h4 Qd5 24.Qf4 Rd8 25.Rg3 Qf5 26.Qa4 h6 27.Kh2 Rdd2 28.Qxa7 Qf6 {#R} 0-1

[Event "Ch Central FO (team)"]
[Site "masterchessopen.com Elets (Russia)"]
[Date "2009.12.17"]
[Round "2"]
[White "Popov Yuri (RUS)"]
[Black "Ajrapetian Gevorg (RUS)"]
[Result "0-1"]
[WhiteElo "2173"]
[BlackElo "2390"]

1.d4 Nf6 2.c4 e6 3.Nc3 Bb4 4.e3 c5 5.Bd3 Nc6 6.Ne2 O-O 7.O-O cxd4 8.exd4 d5
9.Bg5 Be7 10.a3 b6 11.Bxf6 Bxf6 12.cxd5 exd5 13.Qc2 Nxd4 14.Nxd4 Bxd4 15.Bxh7+
Kh8 16.Rad1 Bxc3 17.bxc3 f5 18.Rfe1 Kxh7 19.Re3 Re8 {#R} 0-1

[Event "Ch England (team) 2009/10"]
[Site "masterchessopen.com England"]
[Date "2010.01.17"]
[Round "4"]
[White "Harakis Alexis (ENG)"]
[Black "Piper Matthew (ENG)"]
[Result "0-1"]
[WhiteElo "2205"]
[BlackElo "2343"]

1.d4 Nf6 2.c4 e6 3.Nc3 Bb4 4.e3 c5 5.Bd3 Nc6 6.Ne2 cxd4 7.exd4 d5 8.cxd5 Nxd5
9.a3 Bd6 10.Bc2 O-O 11.Qd3 g6 12.Ne4 Be7 13.h4 f5 14.Ng5 Bf6 15.Bb3 Kg7 16.Nf3
h6 17.g4 fxg4 18.h5 Nde7 19.Bxh6+ Kxh6 20.hxg6+ Kg7 21.Rh7+ Kg8 22.Qe4 Qa5+
23.Nd2 Qf5 24.Qh1 Qxg6 25.Rh6 Qg7 26.Bc2 Nf5 27.Bxf5 exf5 28.Nf4 Ne7 29.Rh5
Bxd4 30.O-O-O Bxb2+ 31.Kb1 Bd7 32.Nd5 Be6 33.Nxe7+ Qxe7 34.f3 Bg7 {#R} 0-1

[Event "Bundesliga B East 2009/10"]
[Site "masterchessopen.com Austria"]
[Date "2010.02.20"]
[Round "7"]
[White "Zilka Stepan (CZE)"]
[Black "Wukits Rene (AUT)"]
[Result "1-0"]
[WhiteElo "2479"]
[BlackElo "2307"]

1.d4 Nf6 2.c4 e6 3.Nc3 Bb4 4.e3 c5 5.Bd3 Nc6 6.Nf3 Bxc3+ 7.bxc3 d6 8.O-O e5
9.Nd2 b6 10.Ne4 O-O 11.Qc2 h6 12.Ba3 Na5 13.Rad1 Kh8 14.Bc1 Ba6 15.Nd2 Qe7
16.Rde1 Rfe8 17.f3 Nh5 18.d5 Qh4 19.Qa4 g5 20.Qd7 {#r} 1-0

[Event "Ch Netherlands (team) 2009/10"]
[Site "masterchessopen.com Netherlands"]
[Date "2010.02.20"]
[Round "5"]
[White "Van Der Stricht Geert (BEL)"]
[Black "Koopmans Cees (NED)"]
[Result "1-0"]
[WhiteElo "2392"]
[BlackElo "2118"]

1.d4 Nf6 2.c4 e6 3.Nc3 Bb4 4.e3 c5 5.Bd3 Nc6 6.Nf3 Bxc3+ 7.bxc3 d6 8.O-O O-O
9.Nd2 e5 10.Rb1 Re8 11.h3 e4 12.Bc2 b6 13.f3 exf3 14.Qxf3 Bb7 15.Qg3 Qe7
16.Nf3 Ne4 17.Bxe4 Qxe4 18.Rb2 Qg6 19.Qf2 Na5 20.Nh4 Qe6 21.d5 Qd7 22.Nf5 Nxc4
23.Nxg7 Kxg7 24.Qf6+ Kf8 {#r} 1-0

[Event "It (open)"]
[Site "masterchessopen.com Sydney (Australia)"]
[Date "2010.04.07"]
[Round "2"]
[White "Rej Tomek (AUS)"]
[Black "Ansell Alan (NZL)"]
[Result "1-0"]
[WhiteElo "2340"]
[BlackElo "2001"]

1.d4 Nf6 2.c4 e6 3.Nc3 Bb4 4.e3 c5 5.Bd3 d5 6.Nf3 cxd4 7.exd4 dxc4 8.Bxc4 a6
9.O-O b5 10.Bd3 Bb7 11.a4 bxa4 12.Qxa4+ Nc6 13.Ne5 Qb6 14.Be3 Nd5 15.Nxd5 exd5
16.Rfc1 Rc8 17.Bxa6 Ra8 18.Nxc6 Rxa6 19.Qxb4 Bxc6 20.Qxb6 Rxb6 21.Rxc6 Rb8
22.Bf4 Rd8 23.Re1+ Kf8 24.Rd6 {#r} 1-0

[Event "It (open)"]
[Site "masterchessopen.com Wroclaw (Poland)"]
[Date "2010.06.26"]
[Round "1"]
[White "Swiercz Dariusz (POL)"]
[Black "Krupa Monika (POL)"]
[Result "1-0"]
[WhiteElo "2507"]
[BlackElo "2257"]

1.d4 Nf6 2.c4 e6 3.Nc3 Bb4 4.e3 c5 5.Bd3 Nc6 6.Nf3 Bxc3+ 7.bxc3 d6 8.e4 Nd7
9.O-O O-O 10.d5 Na5 11.dxe6 fxe6 12.Bg5 Qe8 13.Be2 Nf6 14.Bxf6 Rxf6 15.Qxd6 b6
16.Rad1 Bb7 17.Ne5 Bxe4 18.Bg4 h5 19.Bh3 Kh7 20.Rfe1 Bc2 21.Rd2 Bf5 22.Re3 Qa4
23.Rg3 Nxc4 24.Bxf5+ exf5 25.Qe7 Rg8 26.Rd7 {#r} 1-0

[Event "Ch Russia (juniors) (team)"]
[Site "masterchessopen.com Rybinsk (Russia)"]
[Date "2010.08.05"]
[Round "4"]
[White "Tskhadadze Anna (RUS)"]
[Black "Severina Maria (RUS)"]
[Result "0-1"]
[WhiteElo "1839"]
[BlackElo "2032"]

1.d4 Nf6 2.c4 e6 3.Nc3 Bb4 4.e3 c5 5.Bd3 Nc6 6.Ne2 d5 7.cxd5 exd5 8.a3 cxd4
9.axb4 dxc3 10.bxc3 O-O 11.Nf4 Ne5 12.Bc2 Qc7 13.Qd4 Rd8 14.O-O Bd7 15.Bb3 Bb5
16.Rd1 Bc4 17.Bc2 a6 18.h3 Ne4 19.b5 b6 20.Bb2 Ng5 21.Kh1 Nef3 22.gxf3 Nxf3
{#R} 0-1

[Event "Ch Paulista"]
[Site "masterchessopen.com Santos (Brazil)"]
[Date "2010.08.20"]
[Round "2"]
[White "Freitas Romeu S (BRA)"]
[Black "Cruz Arquias Sofocles Guimaraes (BRA)"]
[Result "1-0"]
[WhiteElo "2145"]
[BlackElo "1763"]

1.d4 Nf6 2.c4 e6 3.Nc3 Bb4 4.e3 c5 5.Bd3 Nc6 6.Nf3 b6 7.O-O d5 8.cxd5 exd5
9.Bb5 Bb7 10.e4 O-O 11.e5 Ne4 12.Ne2 Rc8 13.Be3 a6 14.Ba4 b5 15.Bc2 c4 16.Ng3
c3 17.b3 Ne7 18.a3 Ba5 19.Ng5 Nxg5 20.Bxg5 h6 21.Qd3 g6 22.Bxh6 Re8 23.Nh5 Kh8
24.Nf6 Nf5 25.Qh3 Ng7 26.Bg5+ Nh5 27.g4 Qc7 28.Nxh5 Rxe5 29.Nf6+ Kg7 30.Qh6#
1-0

[Event "It (open)"]
[Site "masterchessopen.com Brezova pod Bradlom (Czech Republic)"]
[Date "2010.08.23"]
[Round "2"]
[White "Lahiri Atanu (IND)"]
[Black "Kovac Andrej (SVK)"]
[Result "1-0"]
[WhiteElo "2341"]
[BlackElo "2132"]

1.d4 Nf6 2.c4 e6 3.Nc3 Bb4 4.e3 c5 5.Bd3 d6 6.Ne2 Nc6 7.O-O Bxc3 8.bxc3 e5
9.Ng3 O-O 10.d5 Ne7 11.f4 exf4 12.exf4 Bg4 13.Qc2 Bd7 14.f5 h6 15.Bf4 Qc7
16.Ne4 Nxe4 17.Bxe4 f6 18.Rf3 Nc8 19.Qd2 Kh7 20.Bxh6 gxh6 21.Rh3 Kg7 22.Qxh6+
Kf7 23.Qg6+ Ke7 24.Rh7+ Kd8 25.Qg7 Re8 26.Qxf6+ Ne7 27.Re1 a5 28.Bf3 Bxf5
29.Rhxe7 {#r} 1-0

[Event "It (open)"]
[Site "masterchessopen.com Arco (Italy)"]
[Date "2010.10.20"]
[Round "5"]
[White "Giuriato Sergio (ITA)"]
[Black "Andersson Ulf (SWE)"]
[Result "0-1"]
[WhiteElo "1935"]
[BlackElo "2566"]

1.d4 Nf6 2.c4 e6 3.Nc3 Bb4 4.e3 c5 5.Bd3 Nc6 6.Nf3 Bxc3+ 7.bxc3 d6 8.e4 e5
9.d5 Ne7 10.h3 h6 11.Be3 Bd7 12.Qd2 Nh7 13.Nh2 Qc8 14.f3 f5 15.exf5 Bxf5
16.Ng4 Nf6 17.Nf2 Qd7 18.Ne4 O-O 19.O-O Nxe4 20.Bxe4 Bxe4 21.fxe4 Kh7 22.Rf2
Rxf2 23.Kxf2 Rf8+ 24.Kg1 Ng8 25.Qe2 Qe8 26.Rb1 b6 27.Re1 Qg6 28.Bd2 Nf6 29.Kh2
Nh5 30.Qg4 Rf2 31.Rd1 Qxg4 32.hxg4 Nf6 {#R} 0-1

[Event "It (open)"]
[Site "masterchessopen.com Jakarta (Indonesia)"]
[Date "2011.04.06"]
[Round "8"]
[White "Halay Taufik (INA)"]
[Black "Surya Wahyudi Ina (INA)"]
[Result "1-0"]
[WhiteElo "2361"]
[BlackElo "2255"]

1.d4 Nf6 2.c4 e6 3.Nc3 Bb4 4.e3 c5 5.Bd3 Nc6 6.Ne2 d6 7.Bd2 e5 8.a3 Ba5 9.d5
Bxc3 10.Bxc3 Ne7 11.b4 b6 12.O-O Bf5 13.f4 Bxd3 14.Qxd3 cxb4 15.fxe5 Nfxd5
16.Bb2 Nc3 17.exd6 Nxe2+ 18.Qxe2 Qxd6 19.Bxg7 Rg8 20.Qf3 O-O-O 21.Qa8+ Qb8
22.Qxb8+ Kxb8 23.Rxf7 Rxg7 24.Rxg7 Nf5 25.Rxh7 Nxe3 26.Rb1 Rd3 27.Rh3 {#r} 1-0

[Event "Zt"]
[Site "masterchessopen.com Gaborone (Botswana)"]
[Date "2011.04.09"]
[Round "9"]
[White "Paiva Donaldo (MOZ)"]
[Black "Oatlhotse Providence (BOT)"]
[Result "0-1"]
[WhiteElo "2138"]
[BlackElo "2253"]

1.d4 Nf6 2.c4 e6 3.Nc3 Bb4 4.e3 c5 5.Bd3 Nc6 6.Nf3 b6 7.O-O Ba6 8.Nd2 cxd4
9.exd4 Be7 10.Nf3 O-O 11.d5 Na5 12.b3 Qc7 13.dxe6 dxe6 14.Ne2 Nc6 15.a3 Rad8
16.Qc2 Bb7 17.Bb2 e5 18.Ng3 Rfe8 19.Rfe1 Bf8 20.Ne4 Nd7 21.Nc3 g6 22.Nd5 Qd6
23.Qc3 Bg7 24.Nd2 f5 {#R} 0-1

[Event "Extra League 2010/11"]
[Site "masterchessopen.com Czech Republic"]
[Date "2011.04.16"]
[Round "10"]
[White "Zilka Stepan (CZE)"]
[Black "Polak Tomas (CZE)"]
[Result "0-1"]
[WhiteElo "2517"]
[BlackElo "2543"]

1.d4 Nf6 2.c4 e6 3.Nc3 Bb4 4.e3 c5 5.Bd3 Nc6 6.Nf3 Bxc3+ 7.bxc3 d6 8.O-O O-O
9.Nd2 e5 10.Ne4 Bf5 11.Nxc5 e4 12.Nxb7 Qc7 13.Nxd6 Qxd6 14.Be2 Rac8 15.Rb1
Rfd8 16.Rb5 Bd7 17.Rb7 Na5 18.c5 Qd5 19.Rxa7 Ra8 20.Rxa8 Rxa8 21.Qc2 Be6 22.a3
Qb3 23.Bd1 Qxc2 24.Bxc2 Bb3 25.Bxb3 Nxb3 26.c4 Ra4 27.Bb2 Rxc4 28.a4 Nd5 29.a5
Rc2 {#R} 0-1

[Event "Ch Netherlands (team) 2010/11"]
[Site "masterchessopen.com Netherlands"]
[Date "2011.05.15"]
[Round "9"]
[White "Besseling Michiel (NED)"]
[Black "Janssen Ruud (NED)"]
[Result "0-1"]
[WhiteElo "2203"]
[BlackElo "2498"]

1.d4 Nf6 2.c4 e6 3.Nc3 Bb4 4.e3 c5 5.Bd3 Nc6 6.Nf3 Bxc3+ 7.bxc3 d6 8.O-O e5
9.Nd2 O-O 10.Rb1 Qe7 11.dxc5 dxc5 12.Ne4 Ne8 13.Ba3 b6 14.Ng3 Nd6 15.e4 Na5
16.Qe2 Ba6 17.Nf5 Nxf5 18.exf5 Rad8 19.f4 Rfe8 20.Rbe1 e4 21.Qxe4 Qxe4 22.Rxe4
Rxe4 23.Bxe4 Bxc4 24.Re1 Bxa2 25.Bc1 f6 26.Kf2 Kf8 27.g4 Bc4 28.h4 Nb3 29.Be3
a5 30.h5 a4 31.g5 a3 32.h6 gxh6 {#R} 0-1

[Event "Ch Europe (w)"]
[Site "masterchessopen.com Tbilisi (Georgia)"]
[Date "2011.05.15"]
[Round "8"]
[White "Lomineishvili Maia (GEO)"]
[Black "Arabidze Meri (GEO)"]
[Result "0-1"]
[WhiteElo "2366"]
[BlackElo "2332"]

1.d4 Nf6 2.c4 e6 3.Nc3 Bb4 4.e3 c5 5.Bd3 Nc6 6.Nf3 Bxc3+ 7.bxc3 d6 8.e4 e5
9.d5 Ne7 10.Nh4 h6 11.f4 Ng6 12.Nxg6 fxg6 13.O-O O-O 14.Qe1 Qe7 15.Rb1 Nh5
16.fxe5 Rxf1+ 17.Qxf1 dxe5 18.a4 Bg4 19.Be2 Rf8 20.Qxf8+ Kxf8 21.Bxg4 Qh4
22.Be2 Qe1+ 23.Bf1 Nf6 {#R} 0-1

[Event "Memorial L.Polugaevsky (open)"]
[Site "masterchessopen.com Samara (Russia)"]
[Date "2011.07.08"]
[Round "4"]
[White "Rakhmanov Aleksandr (RUS)"]
[Black "Blatov Igor (RUS)"]
[Result "1-0"]
[WhiteElo "2592"]
[BlackElo "2287"]

1.d4 Nf6 2.c4 e6 3.Nc3 Bb4 4.e3 c5 5.Bd3 Nc6 6.Ne2 cxd4 7.exd4 d5 8.a3 Be7
9.O-O dxc4 10.Bxc4 O-O 11.Qd3 b6 12.Rd1 Bb7 13.Qh3 Qc8 14.Ba2 e5 15.Qxc8 Rfxc8
16.d5 Nb8 17.d6 Bf8 18.Bg5 Nbd7 19.Rd2 Ba6 20.Rad1 Bc4 21.Bxf6 Bxa2 22.Nxa2
Nxf6 23.Nb4 Nd7 24.Nd5 Rc4 25.b3 Rc5 26.Ng3 Re8 27.Ne7+ Bxe7 28.dxe7 Nf6
29.Rd8 Rc7 30.Nf5 {#r} 1-0

[Event "It (open)"]
[Site "masterchessopen.com Jakarta (Indonesia)"]
[Date "2011.10.16"]
[Round "5"]
[White "Gunawan Johan (INA)"]
[Black "Medina W"]
[Result "1-0"]
[WhiteElo "2308"]
[BlackElo "2112"]

1.d4 Nf6 2.c4 e6 3.Nc3 Bb4 4.e3 c5 5.Bd3 Nc6 6.Ne2 d5 7.a3 cxd4 8.exd4 Be7
9.O-O O-O 10.Bf4 b6 11.Rc1 Bb7 12.cxd5 Nxd5 13.Bg3 Nxc3 14.Rxc3 Rc8 15.Be4 Na5
16.Bxb7 Nxb7 17.Rxc8 Qxc8 18.Qa4 Na5 19.Rc1 Qa6 20.Nc3 Rc8 21.h3 h6 22.b4 Bg5
23.f4 Qd3 24.Kh2 Qe3 25.Re1 Qxc3 26.fxg5 Qxd4 27.Rd1 Qc4 28.Qd7 Nb3 29.g6 Rf8
30.Bd6 {#r} 1-0

[Event "Ch Paulista"]
[Site "masterchessopen.com Santos (Brazil)"]
[Date "2011.12.02"]
[Round "1"]
[White "Fernandez Maria (ARG)"]
[Black "Oliveira Tiago (POR)"]
[Result "1-0"]
[WhiteElo "2184"]
[BlackElo "2068"]

1.d4 Nf6 2.c4 e6 3.Nc3 Bb4 4.e3 c5 5.Bd3 Nc6 6.Nf3 Bxc3+ 7.bxc3 d6 8.e4 e5
9.d5 Ne7 10.O-O h6 11.Nh4 Ng6 12.Nxg6 fxg6 13.f4 O-O 14.h3 a6 15.Be3 Qa5
16.Qd2 Bd7 17.Rf3 Kh7 18.Raf1 Rfc8 19.fxe5 dxe5 20.Bxh6 Ne8 21.Rf7 Rc7 22.d6
Nxd6 23.Rxg7+ Kh8 24.Rxg6 Rc6 25.Bg7+ {#r} 1-0

[Event "It (open) \"]
[Site "masterchessopen.com Caleta (England)"]
[Date "2012.02.02"]
[Round "10"]
[White "Khurtsidze Nino (GEO)"]
[Black "Spence David (ENG)"]
[Result "1-0"]
[WhiteElo "2444"]
[BlackElo "2213"]

1.d4 e6 2.c4 Nf6 3.Nc3 Bb4 4.e3 c5 5.Bd3 Nc6 6.Ne2 d5 7.cxd5 exd5 8.a3 cxd4
9.axb4 dxc3 10.bxc3 O-O 11.Ba3 Ne5 12.b5 Nxd3+ 13.Qxd3 Re8 14.Bc5 b6 15.Bd4
Ne4 16.Nf4 Bf5 17.Qe2 Qd6 18.O-O Nc5 19.Qf3 Be4 20.Qg3 Ne6 21.Rfd1 Nxd4
22.Rxd4 Qc5 23.f3 Bc2 24.Nxd5 Rxe3 25.Nxe3 {#r} 1-0

[Event "Ch Europe (seniors) (team)"]
[Site "masterchessopen.com Rogatska Slatina (Slovenia)"]
[Date "2012.03.27"]
[Round "1"]
[White "Steedman James (NOR)"]
[Black "Korchnoi Viktor (SUI)"]
[Result "0-1"]
[WhiteElo "2129"]
[BlackElo "2558"]

1.d4 Nf6 2.c4 e6 3.Nc3 Bb4 4.e3 c5 5.Bd3 d5 6.Nf3 dxc4 7.Bxc4 Qc7 8.Qd3 a6
9.a3 Bxc3+ 10.bxc3 b5 11.Ba2 Bb7 12.c4 Nbd7 13.O-O e5 14.Nxe5 Nxe5 15.dxe5
Qxe5 16.Bd2 Rd8 17.Qc3 Qg5 18.f3 Bxf3 19.Rxf3 Ne4 20.Qc2 Nxd2 21.Rg3 Qe5
22.Rc1 O-O 23.cxb5 axb5 24.Rh3 Ne4 25.Bb1 f5 26.g4 Rd2 27.Qb3+ c4 28.Qb4 Rb2
{#R} 0-1

[Event "Ch Hessen (a)"]
[Site "masterchessopen.com Offenbach (Germany)"]
[Date "2012.04.06"]
[Round "6"]
[White "Goloborodko Dmitro (GER)"]
[Black "Diez Gerhard (GER)"]
[Result "1-0"]
[WhiteElo "2131"]
[BlackElo "2041"]

1.d4 Nf6 2.c4 e6 3.Nc3 Bb4 4.e3 c5 5.Bd3 Nc6 6.a3 Ba5 7.Ne2 e5 8.dxc5 e4 9.Bc2
O-O 10.b4 Bc7 11.Nxe4 Be5 12.Rb1 Ng4 13.h3 Nh6 14.Bb2 Re8 15.Nd6 Re7 16.O-O b6
17.Qd3 g6 18.Rfd1 Qc7 19.Nc3 Bb7 20.Ndb5 Qb8 21.Nd5 Re6 22.Nd4 Bh2+ 23.Kh1 Ne5
24.Nxe6 Bxd5 25.Qxd5 Nhg4 26.hxg4 Nxg4 27.Qf3 {#r} 1-0

[Event "Ch Catalunia (team)"]
[Site "masterchessopen.com Catalunya (Spain)"]
[Date "2012.04.14"]
[Round "10"]
[White "Castellet Giralt Gabriel (ESP)"]
[Black "Perez Manas Benjamin (ESP)"]
[Result "0-1"]
[WhiteElo "2216"]
[BlackElo "2235"]

1.d4 Nf6 2.c4 e6 3.Nc3 Bb4 4.e3 c5 5.Bd3 Nc6 6.Ne2 d5 7.O-O O-O 8.a3 Bxc3
9.bxc3 b6 10.cxd5 exd5 11.Bb5 Na5 12.dxc5 bxc5 13.Bd3 Rb8 14.Ng3 Bg4 15.f3 Be6
16.e4 dxe4 17.Nxe4 Nb3 18.Rb1 c4 19.Bc2 Nxe4 20.Bxe4 Qa5 21.Qd6 Qxc3 22.Bb2
Qe3+ 23.Kh1 Qh6 24.Rfd1 Rbc8 25.Bc3 Nc5 26.Bc2 Nb3 27.g4 Qg5 28.h4 Qe3 29.Qe5
Qxf3+ 30.Kh2 Qxg4 31.Qxg7+ Qxg7 32.Rg1 {#R} 0-1

[Event "Tournament (zonal)"]
[Site "masterchessopen.com Itaberai (Brazil)"]
[Date "2012.04.21"]
[Round "3"]
[White "Perdomo Leandro (ARG)"]
[Black "Rezende Guilherme Vilela"]
[Result "1-0"]
[WhiteElo "2372"]
[BlackElo "2039"]

1.d4 Nf6 2.c4 e6 3.Nc3 Bb4 4.e3 c5 5.Bd3 Nc6 6.Ne2 d5 7.cxd5 exd5 8.a3 c4
9.axb4 cxd3 10.Qxd3 Nxb4 11.Qb5+ Nc6 12.Nf4 a6 13.Qc5 Be6 14.e4 Rc8 15.exd5
Ne7 16.Nxe6 fxe6 17.Qb4 Nfxd5 18.Qxb7 Nxc3 19.bxc3 Rxc3 20.O-O O-O 21.Ba3 Rc7
22.Qxa6 Rf6 23.Bd6 Rd7 24.Be5 Rg6 25.Rac1 Qe8 26.Rb1 h6 27.Rb8 Rd8 28.Rfb1 Kh7
29.Qa8 Qc6 30.Rxd8 Rxg2+ 31.Kh1 Qc2 32.Rh8+ {#r} 1-0

[Event "Memorial V.Zagorovsky (open)"]
[Site "masterchessopen.com Voronezh (Russia)"]
[Date "2012.06.30"]
[Round "5"]
[White "Chuprikov Dmitry (RUS)"]
[Black "Popov Kirill"]
[Result "1-0"]
[WhiteElo "2386"]
[BlackElo "1983"]

1.d4 e6 2.c4 Nf6 3.Nc3 Bb4 4.e3 c5 5.Bd3 Nc6 6.Nf3 Bxc3+ 7.bxc3 d6 8.e4 e5
9.d5 Ne7 10.Nh4 h6 11.h3 O-O 12.g3 Ng6 13.Ng2 Qe7 14.Rb1 Rb8 15.Rb2 Re8 16.h4
Qc7 17.f3 Qa5 18.Bd2 a6 19.Kf2 Bd7 20.Ne3 Qd8 21.Qe2 Qc7 22.Nf5 Ne7 23.g4 Nxf5
24.exf5 b5 25.Be4 Kh8 26.g5 Ng8 27.Rh2 bxc4 {#r} 1-0

[Event "Ch Uruguay (team)"]
[Site "masterchessopen.com Paysandu (Uruguay)"]
[Date "2012.08.05"]
[Round "4"]
[White "Sanguinetti Luis (URU)"]
[Black "Ulaneo Nicolas (URU)"]
[Result "1-0"]
[WhiteElo "2218"]
[BlackElo "2181"]

1.d4 Nf6 2.c4 e6 3.Nc3 Bb4 4.e3 c5 5.Bd3 Nc6 6.Nf3 Bxc3+ 7.bxc3 d6 8.e4 e5
9.h3 h6 10.O-O O-O 11.d5 Ne7 12.Nh4 Bd7 13.f4 Ng6 14.Nxg6 fxg6 15.Rb1 b6
16.Rb2 Qe7 17.f5 gxf5 18.exf5 Nh7 19.Qh5 Be8 20.Qf3 Bd7 21.g4 Rae8 22.Qg3 Ng5
23.h4 Nh7 24.Re2 Rb8 25.g5 h5 26.f6 Qd8 27.f7+ Kh8 28.g6 Nf6 29.Bg5 Bg4 30.Qe3
{#r} 1-0

[Event "Ch Europe (seniors)"]
[Site "masterchessopen.com Kaunas (Lithuania)"]
[Date "2012.08.19"]
[Round "2"]
[White "Wahlbom Magnus (SWE)"]
[Black "Henrichsen Jens (DEN)"]
[Result "1-0"]
[WhiteElo "2300"]
[BlackElo "1887"]

1.d4 Nf6 2.c4 e6 3.Nc3 Bb4 4.e3 c5 5.Bd3 Nc6 6.Nf3 Bxc3+ 7.bxc3 d6 8.O-O e5
9.Nd2 Qc7 10.f4 b6 11.Qf3 Bb7 12.Qg3 Kf8 13.fxe5 dxe5 14.Nb3 Qe7 15.Ba3 e4
16.Be2 Nd7 17.Qc7 Nf6 18.Qf4 Ba6 19.Nxc5 Bxc4 20.Nd7+ {#r} 1-0